00366nam a2200157Ia 45000010006000000050017000060080041000230410008000640820015000721000034000872450034001212600009001553000028001646500008001926540008002001165420260306162844.0260306t1997||||xx |||||||||||||| ||spa|| aESP a985.7bG84 aGuallart, José MaríaeAUT 0aLa tierra de los cinco ríos c1997 a164 páginas :c23 cm. aGEN aCHU